[Event "Idaho Closed"]
[Site "Twin Falls, ID"]
[Date "2011.02.19"]
[Round "1.2"]
[White "Stark, Jim"]
[Black "Hamilton, Brett B"]
[Result "1/2-1/2"]
[WhiteElo "1595"]
[BlackElo "1951"]

1. d4 d5 2. c4 e6 3. Nf3 Nf6 4. e3 c5 5. Nc3 Nc6 6. cxd5 exd5 7. Bd3 c4 8. Bc2
Bd6 9. O-O O-O 10. b3 Qa5 11. Bd2 Bb4 12. Nb1 Qc7 13. bxc4 dxc4 14. Bxb4 Nxb4
15. a3 Nxc2 16. Qxc2 Qc6 17. Ne5 Qd5 18. Qxc4 Qxc4 19. Nxc4 Be6 20. Nbd2 Rfd8
21. Ne5 Rac8 22. Rfc1 Rxc1+ 23. Rxc1 Rc8 24. Rxc8+ Bxc8 25. e4 Kf8 26. f3 b5
27. Nb3 Nd7 28. Nc6 a6 29. d5 Bb7 30. Ncd4 Ne5 31. Nc5 Bc8 32. Kf2 Nc4 33. Nc2
Ke7 34. Ke2 Kd6 35. Nd3 f5 36. h3 g5 37. g4 fxe4 38. fxe4 Bb7 39. Nde1 Ke5 40.
Nf3+ Kf4 41. Nd2 Nxd2 42. Kxd2 Kxe4 43. d6 Bc8 44. Nb4 Ke5 45. d7 Bxd7 46.
Nxa6 Kf4 47. Nc7 Kg3 48. Nd5 h6 49. Ne3 Kxh3 50. Nf5 Kxg4 51. Nxh6+ Kf4 52.
Kc3 Be6 53. Kd4 g4 54. Nxg4 Bxg4 55. Kc5 Be2 56. Kb4 {#d} 1/2-1/2

[Event "Idaho Closed"]
[Site "Twin Falls, ID"]
[Date "2011.02.19"]
[Round "2.8"]
[White "Pentico, Christopher"]
[Black "Stark, Jim"]
[Result "0-1"]
[WhiteElo "1459"]
[BlackElo "1595"]

1. Nf3 d5 2. c4 dxc4 3. Qa4+ Nc6 4. Qxc4 Nf6 5. Nc3 e6 6. g3 Be7 7. d3 O-O 8.
Bg2 Rb8 9. Bg5 h6 10. Be3 Nb4 11. Nb5 c6 12. Nxa7 Bd7 13. O-O Nbd5 14. Bc5
Bxc5 15. Qxc5 Qb6 16. Qxb6 Nxb6 17. Ne5 Nbd5 18. Bxd5 exd5 19. Nxd7 Nxd7 20.
b4 Ra8 21. Nxc6 bxc6 22. Rfc1 Rfc8 23. a4 Rcb8 24. Rxc6 Rxb4 25. a5 Nb6 26.
Rc5 d4 27. Kg2 Ra4 28. axb6 Rxa1 29. b7 Rf8 30. Rc8 Rb1 {#R} 0-1

[Event "Idaho Closed"]
[Site "Twin Falls, ID"]
[Date "2011.02.20"]
[Round "3.5"]
[White "Stark, Jim"]
[Black "Abderhalden, Richard Robert"]
[Result "1-0"]
[WhiteElo "1595"]
[BlackElo "1503"]

1. d4 d5 2. c4 Nf6 3. Nf3 Bg4 4. e3 Nbd7 5. Nc3 c6 6. cxd5 cxd5 7. h3 Bh5 8.
Be2 e6 9. O-O Bd6 10. b3 O-O 11. Nb5 Bb8 12. Ba3 Re8 13. Nd6 Bxd6 14. Bxd6 Nb6
15. Ba3 a6 16. Rc1 Ne4 17. g4 Bg6 18. Ne5 Nd7 19. Nxg6 fxg6 20. Bf3 Ng5 21.
Bg2 Qa5 22. Bd6 Rac8 23. Qe2 Nf7 24. Bg3 e5 25. Rxc8 Rxc8 26. Qb2 Re8 27. b4
Qb5 28. a4 Qxa4 29. Bxd5 Qb5 30. Qb3 Rf8 31. dxe5 Nb6 32. Bg2 Kh8 33. e6 Ng5
34. h4 Nf3+ 35. Bxf3 Rxf3 36. Rd1 {#r} 1-0

[Event "Idaho Closed"]
[Site "Twin Falls, ID"]
[Date "2011.02.21"]
[Round "5.4"]
[White "Stark, Jim"]
[Black "Kircher, Caleb Paul"]
[Result "0-1"]
[WhiteElo "1595"]
[BlackElo "1760"]

1. d4 Nf6 2. c4 g6 3. Nc3 Bg7 4. e4 d6 5. Nf3 O-O 6. Be2 e5 7. d5 Na6 8. O-O
Bg4 9. h3 Bxf3 10. Bxf3 Qe7 11. a3 Nc5 12. b4 Ncd7 13. Be3 b6 14. Qd2 Ne8 15.
Rae1 Kh8 16. Bd1 a5 17. Bc2 f5 18. exf5 gxf5 19. Bg5 Qf7 20. f4 e4 21. g4 axb4
22. axb4 h6 23. Bh4 Qg6 24. Qg2 Bxc3 25. Re2 Bxb4 26. g5 Bc5+ 27. Bf2 h5 28.
Kh2 Bxf2 29. Qxf2 Nc5 30. Qd4+ Qg7 31. Qxg7+ Kxg7 32. Kg3 Kg6 33. Re3 Ra2 34.
Rc1 Ng7 35. Bd1 Rfa8 36. Be2 Rb2 37. Bf1 h4+ 38. Kxh4 Rh8+ 39. Kg3 Nh5+ 40.
Kh4 Nxf4+ 41. Kg3 Kxg5 {#R} 0-1

[Event "Idaho Closed"]
[Site "Twin Falls, ID"]
[Date "2011.02.21"]
[Round "6.7"]
[White "Buckendorf Jr., Glen"]
[Black "Stark, Jim"]
[Result "0-1"]
[WhiteElo "1800"]
[BlackElo "1595"]

1. e4 c6 2. d4 d5 3. e5 Bf5 4. Nf3 e6 5. Bd3 Bxd3 6. Qxd3 Nd7 7. O-O c5 8. Re1
cxd4 9. Nxd4 Ne7 10. Bg5 Qb6 11. b3 Ng6 12. Nd2 Ndxe5 13. Qe3 Bc5 14. c3 O-O
15. h4 f6 16. h5 fxg5 17. hxg6 Nxg6 18. Qxe6+ Qxe6 19. Rxe6 Rf6 20. Re2 Raf8
21. Ne6 Bxf2+ 22. Kh1 R8f7 23. Nxg5 Re7 24. Rxe7 Nxe7 25. Rf1 Rh6+ 26. Nh3 Bc5
27. Nf3 Rf6 28. Re1 h6 29. b4 Bd6 30. Nd4 Nf5 31. Nxf5 Rxf5 32. Kg1 Be5 33.
Re3 d4 34. Rd3 dxc3 35. Rd8+ Rf8 36. Rd1 c2 37. Rc1 Rc8 38. Kf1 Bb2 {#R} 0-1

[Event "Lang Invitational #3"]
[Site "Meridian, ID"]
[Date "2011.03.05"]
[Round "3.3"]
[White "Stark, Jim"]
[Black "Lang, Jamie"]
[Result "0-1"]
[WhiteElo "1651"]
[BlackElo "1337"]

1. d4 d5 2. c4 c6 3. Nf3 Bf5 4. Nc3 e6 5. e3 Bb4 6. a3 Bxc3+ 7. bxc3 Nf6 8. h3
O-O 9. Qb3 b6 10. Nh4 Be4 11. f3 dxc4 12. Bxc4 Bd5 13. Bxd5 cxd5 14. g3 Nh5
15. Kf2 Nxg3 16. Kxg3 Qg5+ 17. Kh2 Qxh4 18. Rg1 Qf2+ 19. Rg2 Qxf3 20. Bd2 Nd7
21. Re1 Nf6 22. Qb1 Ne4 23. Rf1 Nxd2 24. Rxf3 Nxb1 25. Rfg3 g6 26. c4 Nxa3 27.
cxd5 exd5 28. e4 Nb5 29. exd5 Rfd8 30. Re3 Rxd5 31. Re7 Nxd4 32. Rf2 Nf5 33.
Re4 a5 34. Rg4 a4 35. Rff4 a3 36. Ra4 Rxa4 37. Rxa4 Ra5 {#R} 0-1

[Event "ICU MVCC Ch (Open)"]
[Site "Twin Falls, ID"]
[Date "2011.03.26"]
[Round "1.1"]
[White "Stark, Jim"]
[Black "Buckendorf Jr., Glen"]
[Result "1/2-1/2"]
[WhiteElo "1617"]
[BlackElo "1800"]

1. d4 d5 2. c4 e6 3. Nc3 Nf6 4. Nf3 g6 5. e3 Bg7 6. cxd5 exd5 7. Bd3 O-O 8.
O-O Bg4 9. h3 Be6 10. Bd2 Nbd7 11. Rc1 c5 12. dxc5 Nxc5 13. Bb1 Nce4 14. Nxe4
dxe4 15. Nd4 Bd5 16. b3 Qd6 17. Nb5 Qe5 18. Nc7 Rac8 19. Nxd5 Nxd5 20. Qe2 Nc3
21. Bxc3 Rxc3 22. Rxc3 Qxc3 23. Bxe4 Rd8 24. Bxb7 Rd2 25. Qc4 Rxa2 26. Qxc3
Bxc3 27. Rd1 Ra1 {#d} 1/2-1/2

[Event "ICU MVCC Ch (Open)"]
[Site "Twin Falls, ID"]
[Date "2011.03.27"]
[Round "3.2"]
[White "Stark, Jim"]
[Black "Dugger, Gary"]
[Result "1-0"]
[WhiteElo "1617"]
[BlackElo "1280"]

1. d4 d5 2. c4 e6 3. Nc3 Nf6 4. e3 c5 5. Nf3 Nc6 6. cxd5 exd5 7. Bb5 a6 8.
Bxc6+ bxc6 9. O-O Bd6 10. Re1 O-O 11. e4 dxe4 12. Nxe4 Nxe4 13. Rxe4 Be6 14.
Re1 Qc7 15. g3 Bg4 16. dxc5 Bxc5 17. Qc2 Bxf3 18. Qxc5 Qd7 19. Qc3 Bd5 20. f3
Rfe8 21. Bd2 Re6 22. b3 Rf6 23. Re3 Qa7 24. Kg2 Qd7 25. Rae1 Re6 26. Rxe6 Bxe6
27. Bf4 a5 28. Qb2 Bh3+ 29. Kf2 Qa7+ 30. Be3 Qc7 31. Rc1 Be6 32. Qd4 Bd5 33.
Qxd5 cxd5 34. Rxc7 h6 35. Rc5 a4 36. Rxd5 axb3 37. axb3 Ra2+ 38. Rd2 Ra3 39.
Rb2 Ra5 40. b4 Rb5 41. Bc5 f6 42. Rd2 Kf7 43. Rd6 Rb8 44. Rb6 Ra8 45. Rb7+ Kg6
46. Ra7 Rb8 47. f4 h5 48. Kf3 Kh6 49. h4 g6 50. Rf7 g5 51. Rxf6+ Kh7 52. fxg5
Kg7 53. Rh6 Kf7 54. Rxh5 Kg7 55. Rh6 Kf7 56. Ra6 Kg7 57. h5 Kh7 58. g6+ Kg7
59. g4 Kh6 60. Kf4 Rd8 61. Rf6 Kg7 62. Rf7+ Kg8 63. Rf8+ Rxf8+ 64. Bxf8 Kxf8
65. b5 Ke7 66. b6 {#r} 1-0

[Event "ICA Players Mem-Open"]
[Site "Boise, ID"]
[Date "2011.05.14"]
[Round "1.3"]
[White "Vasquez, David X"]
[Black "Stark, Jim"]
[Result "1-0"]
[WhiteElo "1939"]
[BlackElo "1651"]

1. d4 d5 2. c4 e6 3. Nc3 Nf6 4. Nf3 c6 5. e3 Nbd7 6. Qc2 Bd6 7. Bd3 dxc4 8.
Bxc4 b5 9. Be2 O-O 10. e4 e5 11. O-O a6 12. Rd1 Qc7 13. h3 Bb7 14. Be3 exd4
15. Nxd4 Bf4 16. Nf5 Bxe3 17. Nxe3 b4 18. Ncd5 Qe5 19. Nxb4 c5 20. Nc4 Qxe4
21. Qxe4 Bxe4 22. Nd3 Bc6 23. b3 Rfe8 24. Re1 Re7 25. Bf1 Rae8 26. Nd6 Rxe1
27. Rxe1 Rb8 28. Nb2 Bb5 29. Bc4 Bxc4 30. Nbxc4 Kf8 31. Re2 Nd5 32. Rd2 N5b6
33. Na5 Ra8 34. Kf1 h6 35. Ke1 g6 36. Kd1 Ke7 37. Nc6+ Ke6 38. f3 Nd5 39. Nc4
N7b6 40. Re2+ Kd7 41. N6e5+ Kc7 42. Nxb6 Nc3+ 43. Ke1 Nxe2 44. Nxa8+ Kb7 45.
Kxe2 Kxa8 46. Nxf7 {#r} 1-0

[Event "ICA Players Mem-Open"]
[Site "Boise, ID"]
[Date "2011.05.14"]
[Round "2.9"]
[White "Stark, Jim"]
[Black "Haley, Joshua Yuu"]
[Result "0-1"]
[WhiteElo "1651"]
[BlackElo "1438"]

1. d4 Nf6 2. c4 e6 3. Nf3 Nc6 4. Nc3 d5 5. e3 Bd6 6. Be2 b6 7. O-O Bb7 8. a3
Ne4 9. cxd5 Nxc3 10. bxc3 exd5 11. Bd3 Ne7 12. Qc2 Ng6 13. e4 Nh4 14. Nxh4
Qxh4 15. e5 Be7 16. f4 c5 17. Qa4+ Kf8 18. Rf3 Qe1+ 19. Bf1 cxd4 20. Bb2 Qh4
21. cxd4 g5 22. f5 g4 23. Rg3 h5 24. Qd7 Bc8 25. Qxd5 Rb8 26. f6 Bb7 27. fxe7+
Qxe7 28. Qb3 Qg5 29. Qb4+ Kg8 30. Bc1 Qf5 31. Qd6 Rc8 32. Bd3 Be4 33. Bxe4
Qxe4 34. Qd7 Qe1# 0-1

[Event "WIO (Open)"]
[Site "Boise, ID"]
[Date "2011.12.10"]
[Round "2.2"]
[White "Stark, Jim"]
[Black "Weyland, Phil"]
[Result "1/2-1/2"]
[WhiteElo "1641"]
[BlackElo "1863"]

1. d4 d5 2. c4 e6 3. Nf3 Nf6 4. Nc3 c6 5. e3 Nbd7 6. Bd3 g6 7. O-O Bg7 8. Bd2
O-O 9. Rc1 Re8 10. e4 dxe4 11. Nxe4 Nxe4 12. Bxe4 f5 13. Bb1 e5 14. dxe5 Nxe5
15. Nxe5 Bxe5 16. Bc3 Qf6 17. Bxe5 Qxe5 18. Re1 Qxe1+ 19. Qxe1 Rxe1+ 20. Rxe1
Kf7 21. f4 Be6 22. b3 Rd8 23. Kf2 Rd2+ 24. Re2 Rd4 25. Ke3 Rd1 26. Bd3 c5 {#d}
1/2-1/2

[Event "WIO (Open)"]
[Site "Boise, ID"]
[Date "2011.12.10"]
[Round "3.2"]
[White "Kircher, Caleb Paul"]
[Black "Stark, Jim"]
[Result "1/2-1/2"]
[WhiteElo "1781"]
[BlackElo "1641"]

1. e4 c6 2. d4 d5 3. exd5 cxd5 4. Bd3 Nc6 5. c3 Nf6 6. h3 e6 7. Nf3 Bd6 8. O-O
a6 9. Re1 Qc7 10. Bg5 h6 11. Bxf6 gxf6 12. Nbd2 Bd7 13. a3 O-O-O 14. c4 dxc4
15. Nxc4 Be7 16. Rc1 Kb8 17. Qe2 b5 18. Ne3 Qb6 19. d5 Nd4 20. Nxd4 Qxd4 21.
dxe6 fxe6 22. Bb1 Rhg8 23. Qc2 Rc8 24. Qe2 Rxc1 25. Rxc1 Qe5 26. Qd2 Bc8 27.
Ng4 Qg5 28. Qxg5 hxg5 29. Ba2 Rd8 30. Ne3 Rd2 31. Rc2 {#d} 1/2-1/2

[Event "WIO (Open)"]
[Site "Boise, ID"]
[Date "2011.12.11"]
[Round "4.3"]
[White "Lundy III, George"]
[Black "Stark, Jim"]
[Result "1/2-1/2"]
[WhiteElo "1461"]
[BlackElo "1641"]

1. e4 c6 2. d4 d5 3. e5 Bf5 4. Bd3 Bxd3 5. Qxd3 e6 6. f4 Nd7 7. Nf3 c5 8. c3
Ne7 9. Na3 a6 10. Nc2 c4 11. Qe2 Qb6 12. O-O O-O-O 13. Na3 h6 14. Be3 Kb8 15.
Rfb1 Rc8 16. b4 Nf5 17. Nc2 Nxe3 18. Nxe3 Qd8 19. a4 b6 20. f5 Qc7 21. Qc2 Be7
22. Ra2 Qd8 23. g3 Bg5 24. Ng2 Be7 25. Ne3 Bg5 26. Ng2 {#d} 1/2-1/2

[Event "Idaho Closed"]
[Site "Boise, ID"]
[Date "2012.02.18"]
[Round "2.5"]
[White "Bruck, Nick Jon"]
[Black "Stark, Jim"]
[Result "1/2-1/2"]
[WhiteElo "1340"]
[BlackElo "1655"]

1. e4 c6 2. d4 d5 3. e5 Bf5 4. Bd3 Bxd3 5. Qxd3 e6 6. Nf3 Nd7 7. Be3 Ne7 8.
Nbd2 Nf5 9. O-O Nxe3 10. Qxe3 Be7 11. c4 dxc4 12. Nxc4 O-O 13. Nfd2 b5 14. Na3
Nb6 15. Nc2 Nd5 16. Qf3 Qb6 17. Nb3 a5 18. Rac1 a4 19. Nc5 Bxc5 20. dxc5 Qxc5
21. Ne3 Qb6 22. Rfe1 Rad8 23. Nxd5 cxd5 24. Qe3 Qxe3 25. Rxe3 Rc8 26. Rec3
Rxc3 27. Rxc3 b4 28. Rc6 g6 29. g3 b3 30. axb3 axb3 31. Rb6 Rc8 32. Rxb3 Rc7
33. Kf1 Kg7 34. Ke2 f6 35. exf6+ Kxf6 36. h4 Ke5 37. Rb6 Kd4 38. Rxe6 Rc2+ 39.
Kf3 Rxb2 40. Re7 Rb3+ 41. Kf4 Rb6 42. Rxh7 Rf6+ 43. Kg5 Rxf2 44. Kxg6 Rg2 45.
h5 Rxg3+ 46. Kf7 Rf3+ 47. Kg8 Rg3+ 48. Rg7 Rh3 49. Rg5 {#d} 1/2-1/2

[Event "Idaho Closed"]
[Site "Boise, ID"]
[Date "2012.02.20"]
[Round "5.1"]
[White "Parsons, Larry R"]
[Black "Stark, Jim"]
[Result "1-0"]
[WhiteElo "2000"]
[BlackElo "1655"]

1. c4 e6 2. g3 Nf6 3. Nf3 d5 4. b3 dxc4 5. bxc4 Nc6 6. Bg2 Bd6 7. O-O O-O 8.
d4 Be7 9. Bb2 Rb8 10. Nc3 a6 11. a4 Na5 12. Qd3 c5 13. d5 exd5 14. Nxd5 Nxd5
15. cxd5 c4 16. Qe4 f5 17. Qe5 Bf6 18. Qxb8 Bxb2 19. Rab1 c3 20. Ne5 Qb6 21.
d6 Rd8 22. d7 Bxd7 23. Nxd7 Rxb8 24. Nxb6 Rd8 25. Bd5+ Kf8 26. Rxb2 cxb2 27.
Rb1 Rd6 28. Rxb2 Ke8 29. Bf3 Kd8 30. Nd5 Kc8 31. Ne7+ Kc7 32. Nxf5 Rd7 33. e3
g6 34. Nd4 Kd6 35. Rc2 Rc7 36. Rb2 Kd7 37. h4 Kd6 38. h5 gxh5 39. Bxh5 Rc4 40.
Bf3 Rxa4 41. Bxb7 Nxb7 42. Rxb7 h5 43. Rh7 Kc5 44. Rxh5+ Kc4 45. Kg2 Ra1 46.
Nc6 Rb1 47. g4 Rb5 48. Rxb5 Kxb5 49. g5 {#r} 1-0

[Event "Idaho Closed"]
[Site "Boise, ID"]
[Date "2012.02.20"]
[Round "6.3"]
[White "Stark, Jim"]
[Black "Puderbaugh, Kory"]
[Result "1-0"]
[WhiteElo "1655"]
[BlackElo "785"]

1. d4 d5 2. c4 e6 3. Nf3 Nf6 4. Nc3 c5 5. e3 Nbd7 6. cxd5 Nxd5 7. Nxd5 exd5 8.
dxc5 Qa5+ 9. Bd2 Qxc5 10. Rc1 Qd6 11. a3 Qb8 12. Bc3 Nb6 13. Be5 Bd6 14. Bxg7
Rg8 15. Bd4 Nd7 16. Qb3 b6 17. g3 Nc5 18. Bxc5 bxc5 19. Bb5+ {#r} 1-0

[Event "ICA Players Mem-Open"]
[Site "Boise, ID"]
[Date "2012.05.19"]
[Round "1.6"]
[White "Bruck, Nick Jon"]
[Black "Stark, Jim"]
[Result "0-1"]
[WhiteElo "1454"]
[BlackElo "1670"]

1. c4 Nf6 2. e3 e6 3. d4 d5 4. cxd5 exd5 5. Nf3 Bd6 6. Bd3 O-O 7. Nc3 c6 8.
Qc2 Re8 9. Bd2 Nbd7 10. O-O-O b5 11. b3 a5 12. h3 Ba3+ 13. Kb1 a4 14. bxa4
bxa4 15. Nxa4 Ba6 16. Bxa6 Rxa6 17. Bc1 Qb8+ 18. Ka1 Bb4 19. Bd2 Ne4 20. Rb1
Nxd2 21. Nxd2 Qd6 22. Nb2 Rea8 23. Na4 Rxa4 24. Rb2 Bxd2 25. Qxd2 Qc7 26. Rhb1
h6 27. Qc3 Qa7 28. Qc2 Nb6 29. g4 Nc4 30. h4 Nxb2 31. Rxb2 Qa6 32. g5 hxg5 33.
hxg5 g6 34. f4 Qf1+ 35. Qb1 Qf3 36. Rb8+ Kg7 37. Rxa8 Rxa8 38. Qc1 Qe2 39. Qb1
Qxe3 40. f5 Qxd4+ 41. Qb2 Qxb2+ 42. Kxb2 gxf5 {#R} 0-1

[Event "ICA Players Mem-Open"]
[Site "Boise, ID"]
[Date "2012.05.19"]
[Round "2.1"]
[White "Stark, Jim"]
[Black "Kircher, Caleb Paul"]
[Result "1-0"]
[WhiteElo "1670"]
[BlackElo "1777"]

1. d4 d5 2. c4 c6 3. Nc3 Nf6 4. e3 e6 5. Nf3 Nbd7 6. Bd3 Be7 7. O-O O-O 8. Qc2
dxc4 9. Bxc4 b5 10. Bd3 Bb7 11. Ne4 Nxe4 12. Bxe4 Nf6 13. Ne5 Nxe4 14. Qxe4
Qd5 15. Qxd5 cxd5 16. Nd3 Rfc8 17. Bd2 a5 18. Rfc1 b4 19. Rxc8+ Rxc8 20. Rc1
Rxc1+ 21. Nxc1 Ba6 22. Nb3 Bc4 23. Nxa5 Bxa2 24. Nc6 Kf8 25. Bxb4 Bxb4 26.
Nxb4 Bc4 27. f3 Ke7 28. Kf2 Kd6 29. f4 f6 30. Ke1 e5 31. fxe5+ fxe5 32. dxe5+
Kxe5 33. Kd2 Ke4 34. Nc2 Bf1 35. g3 g5 36. Nd4 Bh3 37. b4 Bd7 38. b5 g4 39. b6
Bc8 40. Nc6 Kf3 41. Ne5+ Kg2 42. Nxg4 Kh3 43. Nf6 Kxh2 44. Nxh7 Kxg3 45. Nf6
Bb7 46. Kd3 Kh4 47. Kd4 Kg5 48. Nxd5 Kf5 49. e4+ Ke6 50. Kc5 Ke5 51. Nc3 Ke6
52. Kd4 Bc6 53. e5 Kd7 54. Ne4 Kc8 55. Nd6+ Kb8 56. Kc5 Bd7 57. Kd5 Ba4 58. e6
Ka8 59. e7 Bd7 60. e8=Q+ {#r} 1-0

[Event "ICA Players Mem-Open"]
[Site "Boise, ID"]
[Date "2012.05.19"]
[Round "3.1"]
[White "Stark, Jim"]
[Black "Douglas, Kurt P"]
[Result "1/2-1/2"]
[WhiteElo "1670"]
[BlackElo "1763"]

1. d4 Nf6 2. c4 e6 3. Nf3 b6 4. Nc3 Bb4 5. Bd2 Bb7 6. e3 O-O 7. a3 Bxc3 8.
Bxc3 d5 9. Bb4 Re8 10. c5 a5 11. Bd2 Nbd7 12. cxb6 cxb6 13. Bd3 Rc8 14. O-O h6
15. b4 Ne4 16. Be1 Nc3 17. Qb3 a4 18. Qb2 Qc7 19. Bxc3 Qxc3 20. Qxc3 Rxc3 21.
Bb5 Bc6 22. Bxc6 Rxc6 23. Rfc1 Rec8 24. Rd1 Rc3 25. Ne1 Nf6 26. Nd3 Ne4 27.
Rdc1 Nd2 28. b5 Rxc1+ 29. Rxc1 Rxc1+ 30. Nxc1 Nc4 31. Nd3 Kf8 32. Kf1 Ke7 33.
Ke2 Kd6 34. Kd1 Nxa3 35. Nb2 Nxb5 36. Nxa4 Kc6 37. Kc2 Nd6 38. f3 Nc4 39. Kd3
Kb5 40. Nc3+ Ka5 41. e4 Nb2+ 42. Kc2 Nc4 {#d} 1/2-1/2